[Event "Europe Echecs online op April"]
[Site "Europe Echecs INT"]
[Date "2020.04.11"]
[Round "2"]
[White "Couturier, Olivier"]
[Black "Christian, Paul"]
[Result "0-1"]
[WhiteElo "1388"]
[BlackElo "1500"]
[PlyCount "52"]
[EventDate "2020.04.11"]
[EventType "swiss (blitz)"]
[EventRounds "11"]
[EventCountry "FRA"]
[SourceTitle "EXT 2021"]
[Source "ChessBase"]
[SourceDate "2020.10.23"]
[SourceVersion "1"]
[SourceVersionDate "2020.10.23"]
[SourceQuality "1"]

1. e4 d5 2. exd5 Qxd5 3. Nc3 Qc5 4. Nf3 Nc6 5. d4 Qd6 6. Be3 Bg4 7. h3 Bh5 8. g4 Bg6 9. Bg2 0-0-0 10. Qd2 e5 11. Nb5 Qd7 12. c4 a6 13. Na3 Bb4 14. Nxe5 Bxd2+ 15. Kxd2 Nxe5 16. Rad1 Nf6 17. Kc1 Qa4 18. dxe5 Rxd1+ 19. Rxd1 Nd7 20. Rd4 Nxe5 21. c5 Qa5 22. Bd2 Nd3+ 23. Rxd3 Qxc5+ 24. Rc3 Qxf2 25. Bd5 Rd8 26. Bb3 Qxd2# 0-1

[Event "Europe Echecs online op April"]
[Site "Europe Echecs INT"]
[Date "2020.04.11"]
[Round "1"]
[White "Moroni, Luca Jr"]
[Black "Couturier, Olivier"]
[Result "1-0"]
[WhiteElo "2491"]
[BlackElo "1388"]
[PlyCount "53"]
[EventDate "2020.04.11"]
[EventType "swiss (blitz)"]
[EventRounds "11"]
[EventCountry "FRA"]
[SourceTitle "EXT 2021"]
[Source "ChessBase"]
[SourceDate "2020.10.23"]
[SourceVersion "1"]
[SourceVersionDate "2020.10.23"]
[SourceQuality "1"]

1. Nf3 b6 2. g3 Bb7 3. Bg2 g6 4. 0-0 Bg7 5. d4 e6 6. c4 Ne7 7. Nc3 d5 8. cxd5 Nxd5 9. Nxd5 Bxd5 10. Bf4 0-0 11. Rc1 c6 12. b3 Re8 13. Qc2 Qd7 14. e4 Bxb3 15. axb3 Na6 16. Rfd1 Nb4 17. Qc4 c5 18. dxc5 bxc5 19. Rxd7 Bf8 20. Rcd1 Rac8 21. Ng5 a5 22. Nxf7 a4 23. bxa4 Ra8 24. Ng5 Rxa4 25. Nxe6 Ra2 26. Nxf8+ Kxf8 27. Qf7# 1-0